000 00927nam a2200229Ii 4500
003 JO-AjNU
008 230605s9999||||xx |||||||||||||| ||und||
017 _a14307078
020 _a978-603-00-035
040 _aJO-AjNU
_bara
_erda
_cJO-AjNU
041 _aara
050 1 4 _aZ669.5.S3.D426 2009
100 3 _aالدبيان ، موضي بنت ابراهيم,
_eauthor
_927647
245 0 0 _aالبرامج الاكاديمية في اقسام المكتبات والمعلومات بالجامعات السعودية تقويمها ومدى تلبيتها لاحتياجات سوق العمل
264 3 1 _aالرياض ،2009
300 _a186ص
336 _atext
_btxt
_2rdacontent
337 _aunmediated
_bn
_2rdamedia
338 _avolume
_bnc
_2rdacarrier
490 0 _aالسلسلة الاولى54
650 4 _aالبرامج الاكاديمية-المكتبات والمعلومات-السعودية
_927648
999 _aA10630
_c14198
_d14198